000 00961nam a22002657a 4500
001 45780
003 UA-OsUOA
005 20220125110256.0
007 ta
008 20070514b un ||||| |||| 00| 0 ukr d
020 _a966779122Х
040 _aUA-OsUOA
_bukr
_cUA-OsUOA
_dUA-OsUOA
041 _aukr
080 _a340:342(477)
090 _a340:342(477)
_bА72
245 _aАнтологія української юридичної думки
_cза ред. Ю. С. Шемшученка
260 _aК.
_bЮридичної думки
_c2003
300 _a848 с.
505 _gТ.9
_tЮридична наука радянської доби
650 7 _a340 Право в цілому. Пропедевтика. Методи та допоміжні правничі науки
_2UDC
700 1 _aШемшученко Ю. С.
_eред.
942 _cBK
_2udc
955 _a1
999 _c331870
_d331870